000
00323nam a2200157Ia 4500
100
_a
Wesolowski/Krzysztof
650
_a
Mobile
942
_c
BK
366
_f
27
245
_a
Mobile communication systems
260
_b
Wiley
_c
2002
082
_a
621.382
_b
WES
300
_a
449
546
_a
ENGLISH
_c
TTL
999
_c
34398
_d
34398